| 000 | 01113nam a2200253 i 4500 | ||
|---|---|---|---|
| 001 | 61544 | ||
| 003 | ES-MaACL | ||
| 005 | 20250824234604.0 | ||
| 007 | t| | ||
| 008 | 031112s1947 sp ||||1| spa d | ||
| 111 | 2 |
_aExposición de Libros Españoles sobre Historia de África ( _d1947. _cMadrid) _9678 |
|
| 245 | 1 | 0 |
_aExposición de libros españoles sobre historia de África : _borganizada por la Dirección General de Marruecos y Colonias y por el Instituto de Estudios Africanos / _ccatálogo redactado por la Sección de Ordenación Bibliográfica del I.N.L.E. |
| 260 |
_aMadrid : _b[s.n., _c1947] ( _fGráf. González) |
||
| 300 |
_a99 p. ; _c24 cm. |
||
| 650 | 4 |
_aLibros españoles- _vExposiciones. _9153842 |
|
| 651 | 4 |
_aÁfrica- _xHistoria- _vExposiciones. _9172146 |
|
| 655 | 7 |
_2tgfbne _9193628 _aCatálogos de exposiciones |
|
| 710 | 2 |
_aEspaña. _bDirección General de Marruecos y Colonias. _93752 |
|
| 710 | 2 |
_aInstituto de Estudios Africanos. _94881 |
|
| 710 | 2 |
_aInstituto Nacional del Libro Español _95195 |
|
| 852 |
_aES-MaACL _j1880-F-6 |
||
| 942 | _2udc | ||
| 999 |
_c61544 _d61544 |
||